| 000 | 01990cam a2200541Ii 4500 | ||
|---|---|---|---|
| 001 | ocn878149535 | ||
| 003 | OCoLC | ||
| 005 | 20230823095413.0 | ||
| 006 | m o d | ||
| 007 | cr cn||||||||| | ||
| 008 | 140406t20142014nju ob 001 0 eng d | ||
| 040 |
_aE7B _beng _erda _epn _cE7B _dN$T _dDG1 _dCUS _dOCLCO _dYDXCP _dOCLCF _dCOO _dOCLCQ _dDG1 |
||
| 020 |
_a9781118744963 _q(electronic bk.) |
||
| 020 |
_a1118744969 _q(electronic bk.) |
||
| 020 |
_a9781118744994 _q(electronic bk.) |
||
| 020 |
_a1118744993 _q(electronic bk.) |
||
| 020 | _a111874487X | ||
| 020 | _a9781118744871 | ||
| 020 | _z9781118744871 | ||
| 029 | 1 |
_aCHBIS _b010259579 |
|
| 029 | 1 |
_aCHVBK _b325940630 |
|
| 029 | 1 |
_aDEBBG _bBV041997478 |
|
| 029 | 1 |
_aNZ1 _b16300510 |
|
| 035 | _a(OCoLC)878149535 | ||
| 050 | 4 |
_aQD156 _b.I56 2014eb |
|
| 072 | 7 |
_aSCI _x013050 _2bisacsh |
|
| 082 | 0 | 4 |
_a541.39 _223 |
| 049 | _aMAIN | ||
| 245 | 0 | 0 |
_aInorganic syntheses. _nVolume 36 / _c[edited by] Gregory S. Girolami, Alfred P. Satterberger. |
| 264 | 1 |
_aHoboken, N.J. : _bWiley, _c2014. |
|
| 264 | 4 | _c©2014 | |
| 300 | _a1 online resource (xxvi, 333 pages) | ||
| 336 |
_atext _btxt _2rdacontent |
||
| 337 |
_acomputer _bc _2rdamedia |
||
| 338 |
_aonline resource _bcr _2rdacarrier |
||
| 504 | _aIncludes bibliographical references and indexes. | ||
| 588 | 0 | _aOnline resource; title from PDF title page (Wiley, viewed June 2, 2014). | |
| 650 | 0 |
_aInorganic compounds _xSynthesis. |
|
| 650 | 7 |
_aSCIENCE _xChemistry _xPhysical & Theoretical. _2bisacsh |
|
| 650 | 7 |
_aInorganic compounds _xSynthesis. _2fast _0(OCoLC)fst00973762 |
|
| 655 | 4 | _aElectronic books. | |
| 700 | 1 |
_aGirolami, Gregory S., _d1956- _eeditor. |
|
| 700 | 1 |
_aSatterberger, Alfred P., _eeditor. |
|
| 776 | 0 | 8 |
_iPrint version: _tInorganic syntheses. Volume 36. _dHoboken, New Jersey : John Wiley & Sons, ©2014 _hxxvi, 305 pages _z9781118744871 |
| 856 | 4 | 0 |
_uhttp://dx.doi.org/10.1002/9781118744994 _zWiley Online Library |
| 994 |
_a92 _bDG1 |
||
| 999 |
_c21336 _d21295 |
||
| 526 | _bps | ||